kids shows - Statistics

General Stats
  • This quiz has been taken 92 times
  • The average score is 7 of 10
Answer Stats
Hint Answer % Correct
spongebob nick
92%
buble guppies nick jr
85%
lizzie mcguire disney
81%
hannah montana disney
77%
george lopez nick
65%
full nouse nick
62%
fresh beat nick jr
62%
fresh prince nick
58%
rosanne abc
38%
9jkl cbs
31%
No matching quizzes found
Score Distribution
Percent of People with Each Score
Percentile by Number Answered
Your Score History
You have not taken this quiz